แสดงรายละเอียดบรรณานุกรม
  กลับหน้าหลัก

Brief Record : Get Marc (ISO 2709) : E-mail record : QR code ปิดหน้าต่าง
E-books : เกี่ยวกับ Collections
LEADER 00000nam 2200000uu 4500
001    208743
003     ULIBM
008    121121s2555||||th 000 0 tha d
020    ^a9786161111212
040    ^abcnkk
041 0  ^atha
050  4 ^aHF5437 ม111ก 2555
100 0  ^aมกราพันธุ์ จูฑระสก
245 10 ^aการจัดซื้อที่ดินโดยวิธีพิเศษ : ^bบริบทวิทยาลัยพยาบาลบรมราชชนนี ขอนแก่น./^cมกราพันธุ์ จูฑระสก
250    ^aพิมพ์ครั้งที่ 1
260    ^aขอนแก่น : ^bวิทยาลัยพยาบาลบรมราชชนนี ขอนแก่น,^c2555
300    ^a131 หน้า;^bภาพประกอบ
650  4 ^aพัสดุ ^xการจัดซื้อ
650  4 ^aพัสดุ ^xการบริหาร
710 2  ^aขอนแก่น. วิทยาลัยพยาบาลบรมราชชนนี.
999    ^aใช้งานได้ทุกระบบ
รายการนี้ยังไม่มีแท็ก
คุณยังไม่ได้ล็อกอิน คุณสามารถมีกิจกรรมร่วมกับเว็บไซต์ได้ แต่ต้องล็อกอินก่อน ::
  ล็อกอิน
ลำดับที่ ประเภท เลขเรียก สถานที่ สถานะ
1. หนังสือทั่วไป
หนังสือทั่วไป
สถานะ=หนังสือเก่า - บริการ ณ ห้องสมุด (ห้องเหลือง)
HF5437 ม111ก 2555  
  
หนังสือทั่วไป On Shelf
  ขอยืม
   [แสดง 1/1 รายการ]

รายการใกล้เคียง
    ผู้แต่ง [มกราพันธุ์ จูฑระสก]

BibComment


ยังไม่เคยถูกคอมเมนท์

คอมเมนท์ทรัพยากรรายการนี้
  คอมเมนท์: การจัดซื้อที่ดิน..
Bib 208743

 
 
 

 Union Library Management : ULibM
Copyright 2026. All Rights Reserved.
скачать бесплатно без регистрации порно красивый секс HD Sex Hindi sex

xxx gou

xxxx

bfxxx

xxxwww

Секса Видео

xxxx

Секса Видео

detube

geilexxx

C99 Shell

worms shell

blod xxx video
Ebony Coed Rihanna Rimes Takes A Dick In Her Young Twat priyaa indian fuck anal and pusssy hardcore indian women xxx desi hardcore fucking part 1 bengalixxxcouple